000 00204nam a2200085Ia 4500
008 220204s9999 xx 000 0 und d
082 _a058(540)
_bIND
245 0 _aIndia: A reference annual 1985
942 _cBK
999 _c39197
_d39197